Geography By Letter - X - Statistics

General Stats
  • This quiz has been taken 32 times
  • The average score is 5 of 10
Answer Stats
Hint Answer % Correct
You can find the Terracotta Army here Xi'an
93%
The second largest South African ethnic group Xhosa
83%
A city in Ohio which shares its name with a common boy's name Xavier
67%
A costal Chinese city home to the Piano Island UNESCO World Heritage Site Xiamen
60%
The summer capital of Kublai Khan's Yuan Dynasty, idealized by Samuel Taylor Coleridge Xanadu
57%
On maps, the east-west axis is often also known as this X-axis
50%
China's largest administrative division (hint: it's an autonomous region) Xinjiang
43%
A significant tributary of the Amazon, home to a famous manta ray Xingu River
20%
The capital of the Mexican state of Veracruz Xalapa
17%
A term describing a very dry environment Xeric
7%
No matching quizzes found
Score Distribution
Percent of People with Each Score
Percentile by Number Answered
Your Score History
You have not taken this quiz